20 chefs-lieux aléatoires - Carte Quiz - Statistiques

Statistiques générales
  • Ce quiz a été pris 4 989 fois
  • Le résultat moyen est 16 sur 20
Réponses sur la Carte
Les réponses sont colorées sur une échelle allant du rouge au vert en fonction du pourcentage des utilisateurs qui les ont devinées à leur premier essai. Vous pouvez retrouver ces pourcentages ci-dessous.
 
Statistiques - réponses
Réponse % Correct
Nice
94%
Perpignan
94%
Bastia
93%
Bordeaux
93%
Lyon
92%
Ajaccio
91%
La Rochelle
91%
Lille
91%
Montpellier
91%
Nantes
91%
Marseille
90%
Rennes
90%
Strasbourg
90%
Caen
89%
Paris
88%
Saint-Brieuc
88%
Arras
87%
Grenoble
87%
La Roche-sur-Yon
87%
Quimper
87%
Toulon
87%
Fort-de-France
86%
Annecy
85%
Clermont-Ferrand
85%
Colmar
85%
Mamoudzou
85%
Toulouse
85%
Vannes
85%
Cayenne
84%
Chambéry
84%
Nîmes
84%
Angers
83%
Belfort
83%
Dijon
83%
Le Mans
83%
Metz
83%
Saint-Étienne
83%
Amiens
82%
Basse-Terre
82%
Pau
81%
Rouen
81%
Saint-Denis
81%
Beauvais
80%
Orléans
80%
Saint-Lô
80%
Avignon
79%
Besançon
79%
Carcassonne
79%
Gap
79%
Nancy
79%
Valence
79%
Poitiers
78%
Auxerre
77%
Charleville-Mézières
77%
Limoges
77%
Tours
77%
Cergy-Pontoise
76%
Chartres
76%
Créteil
76%
Périgueux
76%
Tarbes
76%
Troyes
76%
Versailles
76%
Albi
74%
Angoulême
74%
Blois
74%
Évreux
74%
Mont-de-Marsan
74%
Nanterre
74%
Niort
74%
Bourg-en-Bresse
73%
Évry-Courcouronnes
73%
Le Puy-en-Velay
73%
Mâcon
73%
Bourges
72%
Châlons-en-Champagne
72%
Épinal
72%
Laval
72%
Aurillac
71%
Bobigny
71%
Châteauroux
71%
Melun
71%
Rodez
71%
Foix
70%
Digne-les-Bains
69%
Montauban
69%
Lons-le-Saunier
67%
Alençon
66%
Moulins
66%
Nevers
66%
Guéret
65%
Vesoul
65%
Agen
64%
Auch
64%
Privas
64%
Tulle
64%
Bar-le-Duc
63%
Laon
63%
Chaumont
62%
Mende
61%
Cahors
60%
Aucun quiz correspondant
Distribution des résultats
% des personnes avec chaque résultat
Percentile par nombre de réponses
Votre historique - résultats
Vous n’avez pas pris ce quiz